Reinterpreting Modern Culture: An Introduction to Friedrich Nietzsche's Philosophy (Record no. 617726)

MARC details
000 -LEADER
fixed length control field 01453nam a22001817a 4500
008 - FIXED-LENGTH DATA ELEMENTS--GENERAL INFORMATION
fixed length control field 260314b |||||||| |||| 00| 0 eng d
020 ## - INTERNATIONAL STANDARD BOOK NUMBER
ISBN 9781557531575
Paper back/Hardbound pbk
041 ## - LANGUAGE CODE
Language code of text/sound track or separate title eng
082 ## - DEWEY DECIMAL CLASSIFICATION NUMBER
Classification number 193
Item number TON
100 ## - MAIN ENTRY--AUTHOR NAME
Personal name Tongeren Paul Van
245 ## - TITLE STATEMENT
Title Reinterpreting Modern Culture: An Introduction to Friedrich Nietzsche's Philosophy
Statement of responsibility, etc /Paul Van Tongeren
260 ## - PUBLICATION, DISTRIBUTION, ETC. (IMPRINT)
Name of publisher Purdue Univ Pr
Year of publication 2000.
300 ## - PHYSICAL DESCRIPTION
Number of Pages 322p,;
Dimensions 20 cm.
504 ## - BIBLIOGRAPHY, ETC. NOTE
Bibliography, etc Includes index
520 ## - SUMMARY, ETC.
Summary, etc Friedrich Nietzsche (1844-1900) presents himself several times as a physician of culture. He considers it his task to make a diagnosis of the culture of his age, to point to the latent or patent diseases, but also to the possibilities to overcome them. His diagnosis, prognosis, and prescriptions implied an overcoming of traditional interpretation of what is going on in the main domains of culture: knowledge, morality, religion, and art. An introduction to Nietzsche’s thinking should be a confrontation with a challenging reinterpretation of our own culture. Friedrich Nietzsche himself claimed that one does not really know his work without being both irritated and fascinated by it, without having “experienced” it. This book presents Nietzsche's thoughts on knowledge and reality, on morality and politics, and on religion. Preceding these main dialogues is an introduction on the art of reading Nietzsche's texts and on his art of writing.
942 ## - ADDED ENTRY ELEMENTS (KOHA)
Koha item type Reference
Holdings
Withdrawn status Lost status Damaged status Not for loan Home library Current library Shelving location Date acquired Full call number Accession Number Price effective from Koha item type
        Anna Centenary Library Anna Centenary Library 3RD FLOOR, A WING 14.03.2026 193 TON 418385 14.03.2026 Reference

Find us on the map